00481 a2200157 45000010006000000050017000060080041000230030015000640400040000790800056001192450045001752640058002203000019002780410008002971000018003056157920260407155906.0260407a1958 arg spa dAR-UNSa-BCEJYS aAR-UNSa-BCEJYSbspacAR-UNSa-BCEJYS a347.4xObligaciones. Contratos. Acuerdos. Convenios10aElementos de derecho civilpObligaciones 1aBuenos Aires :bBiblioteca Jurídica Argentinac1958 a420 p.c24 cm. aspa1 aFrutos, Pedro